Data compression: The complete reference (Record no. 176689)
[ view plain ]
| 000 -LEADER | |
|---|---|
| fixed length control field | 00400nam a2200157Ia 4500 |
| 008 - FIXED-LENGTH DATA ELEMENTS--GENERAL INFORMATION | |
| fixed length control field | 231217s9999 xx 000 0 und d |
| 041 ## - LANGUAGE CODE | |
| Language code of text/sound track or separate title | English |
| 082 ## - DEWEY DECIMAL CLASSIFICATION NUMBER | |
| Classification number | 001.6442 SAL;7 R |
| 100 ## - MAIN ENTRY--PERSONAL NAME | |
| Personal name | Salomon, David |
| 245 #0 - TITLE STATEMENT | |
| Title | Data compression: The complete reference |
| 250 ## - EDITION STATEMENT | |
| Edition statement | 3rd ed. |
| 260 ## - PUBLICATION, DISTRIBUTION, ETC. | |
| Date of publication, distribution, etc. | 2004 |
| Name of publisher, distributor, etc. | Springer |
| Place of publication, distribution, etc. | New Delhi |
| 300 ## - PHYSICAL DESCRIPTION | |
| Extent | xx+898 |
| 650 ## - SUBJECT ADDED ENTRY--TOPICAL TERM | |
| Topical term or geographic name entry element | Data,compression: |
| 942 ## - ADDED ENTRY ELEMENTS (KOHA) | |
| Koha item type | Books |
| Date last seen | Total checkouts | Full call number | Accession number | Uniform resource identifier | Cost, total (INR) price | Price effective from | Category | Lost status | Damaged status | Department | Withdrawn status | Home library | Current library | Shelving location | Entry date | Vendor | Cost, normal purchase price | Grants | Billnumber | Billdate | Currency symbol | Conversion rate | Discount | Old discount |
|---|---|---|---|---|---|---|---|---|---|---|---|---|---|---|---|---|---|---|---|---|---|---|---|---|
| 26/01/2024 | 001.6442 SAL;7 R | 39353 | digital/contents/39350.pdf | 356.00 | 26/01/2024 | Books | Central Library | Central Library | Central Library | Central Library | 09/12/2005 | Tata Book House | 445.00 | TC/PG | 196 | 09/09/2004 | RS | 1 | 89 | 20 | ||||
| 26/01/2024 | 001.6442 SAL;8 R1 | 39354 | digital/contents/39350.pdf | 356.00 | 26/01/2024 | Books | Central Library | Central Library | Central Library | Central Library | 09/12/2005 | Tata Book House | 445.00 | TC/PG | 196 | 09/09/2004 | RS | 1 | 89 | 20 | ||||
| 26/01/2024 | 001.6442 SAL;9 | 39355 | digital/contents/39350.pdf | 356.00 | 26/01/2024 | Books | Central Library | Central Library | Central Library | Central Library | 09/12/2005 | Tata Book House | 445.00 | TC/PG | 196 | 09/09/2004 | RS | 1 | 89 | 20 | ||||
| 26/01/2024 | 001.6442 SAL;10 | 39932 | digital/contents/39350.pdf | 356.00 | 26/01/2024 | Books | TC | Central Library | Central Library | TC | 03/01/2006 | Tata Book House | 445.00 | TC | 1623 | 18/10/2004 | RS | 1 | 89 | 20 |
